Countries That Visit Finland the Most - Statistics

General Stats
  • This quiz has been taken 2,448 times
  • The average score is 9 of 10
Answer Stats
Rank Country # of visitors % Correct
1 Sweden 313,898
100%
2 Russia 307,127
99%
8 Norway 96,613
97%
4 United Kingdom 199,654
94%
10 Estonia 84,088
93%
3 Germany 268,061
93%
7 United States 107,745
93%
5 China 157,980
89%
9 France 93,520
85%
6 Japan 114,452
85%
No matching quizzes found
Score Distribution
Percent of People with Each Score
Percentile by Number Answered
Your Score History
You have not taken this quiz